Did It Happen in 2025? - Statistics

General Stats
  • This quiz has been taken 611 times
  • The average score is 13 of 20
Answer Stats
Hint Explanation Answer % Correct
Elon Musk is world's richest person He is Yes
89%
A woman is elected as head of government Four were Yes
89%
A new Star Wars film is released The Rise of Skywalker was released in 2019 No
83%
Israel and Iran have a direct military confrontation They did Yes
82%
A major asteroid strike occurs There were no major asteroid strikes No
81%
A new oldest person in the world is confirmed Someone was Yes
79%
Ceasefire in Gaza There was, tentatively Yes
79%
A Marvel film is the highest grossing movie of the year Zootopia 2 was the top English film of the year No
71%
An earthquake stronger than magnitude 8 occurs
Only one did
Yes
69%
The Black Rhino goes extinct There are still roughly six thousand Black Rhinos No
67%
A major volcanic eruption occurs Several did Yes
67%
Liverpool wins the 2024/25 Premier League season They did Yes
66%
NASA lands a new rover on Mars The last rover was landed in 2021 No
62%
Kansas City Chiefs win the Super Bowl They lost 40-22 to the Philadelphia Eagles No
57%
Lionel Messi scores more goals than Cristiano Ronaldo He did Yes
56%
The United Kingdom elects a new Prime Minister The current PM was elected in 2024 No
48%
Ferrari wins a Formula 1 race Ferrari didn't score higher than second place No
44%
A ruling head of state is assassinated No heads of state were assassinated No
41%
Tom Cruise is the highest paid actor in the world He is Yes
36%
Taylor Swift wins a Grammy award She last won in 2024 No
35%
No matching quizzes found
Score Distribution
Percent of People with Each Score
Percentile by Number Answered
Your Score History
You have not taken this quiz